Unterschied zwischen Atokes und Epitokes Parapodien - Statistics

General Stats
  • This quiz has been taken 8 times
  • The average score is 7 of 10
Answer Stats
Picture Answer % Correct
1. Notopodium
100%
2. Neuropodium
100%
3. Acicula
100%
6. Notopodium
100%
7. Schwimmborsten
100%
8. Neuropodium
100%
5. Dorsalcirrus
50%
9. Ventralcirrus
50%
10. geschlechtsreifes
0%
4. noch nicht geschlechtsreifes
0%
No matching quizzes found
Score Distribution
Percent of People with Each Score
Percentile by Number Answered
Your Score History
You have not taken this quiz